Siete ideas para educar en derechos humanos /

Guatemala es uno de los países donde la violación de los derechos humanos es más palpable, pero, al mismo tiempo, es también uno de los lugares donde más se trabaja para recuperar la dignidad humana y la paz mediante la educación. Las reflexiones que siguen y que nacen de la experiencia cotidiana co...

Full description

Bibliographic Details
Main Author: Aldana Mendoza, Carlos
Format: Revista
Language:Spanish
Published: Barcelona, España Fontalba 1995
Subjects:

MARC

LEADER 00000cas a2200000 a 4500
001 029861
003 UAHC_CL
005 20170803123132.0
008 140120s1995 cl 000 spa
040 |a UAHC_CL  |c UAHC_CL  |d UAHC_CL 
100 1 |a Aldana Mendoza, Carlos 
245 1 0 |a Siete ideas para educar en derechos humanos /  |c Carlos Aldana Mendoza. 
260 |b Fontalba  |c 1995  |a Barcelona, España 
300 |a pp. 71-73 
310 |a Anual. 
362 0 |a Año 1, no. 1 (nov. 2002)- . 
500 |a En: Cuadernos de pedagogía. no. 235, 1995. pp. 71-73. ISSN. 0210-0630. 
520 |a Guatemala es uno de los países donde la violación de los derechos humanos es más palpable, pero, al mismo tiempo, es también uno de los lugares donde más se trabaja para recuperar la dignidad humana y la paz mediante la educación. Las reflexiones que siguen y que nacen de la experiencia cotidiana con un ejemplo harto emblemático.\Para el autor, este tipo de intervención educativa supone la gestación de una nueva cultura más vivencial, participativa y comprendida con una realidad contradictoria. 
650 4 |a DERECHOS HUMANOS  |z GUATEMALA 
653 |a PEDAGOGIA EN EDUCACION BASICA 
900 |a CUAD. PEDAGOGIA-235/95 
942 |c REV 
952 |0 0  |1 0  |4 0  |6 CUAD___PEDAGOGIA235_95_000000000000000  |7 0  |8 General  |9 58496  |a BC  |b BC  |c General  |d 2017-08-03  |l 0  |o CUAD. PEDAGOGIA-235/95  |p FICTICIO48061  |r 2019-01-08 00:00:00  |t 1  |w 2017-08-03  |y REV 
999 |c 29861  |d 29861